| 000 | 00000nam 2200000za 4500 |
| 001 | 9.860928 |
| 003 | CaOODSP |
| 005 | 20221107160627 |
| 007 | cr ||||||||||| |
| 008 | 180821s2018 onc o f000 0 fre d |
| 022 | |z1925-0916 |
| 040 | |aCaOODSP|bfre |
| 043 | |an-cn--- |
| 086 | 1 |aH113-25/2018-14F-PDF|zH113-25/2018-14F |
| 245 | 00|aSouche KRL-AG2 de Trichoderma harzianum Rifai, souche G-41 de Trichoderma virens, fongicide biologique BW240 WP, fongicide biologique RootShield Plus WP, fongicide biologique TurfShield Plus WP |h[ressource électronique]. |
| 260 | |aOttawa : |bAgence de réglementation de la lutte antiparasitaire, Santé Canada, |c2018. |
| 300 | |a1 p. |
| 490 | 1 |aDécision d'homologation, |x1925-0924 ; |vRD2018-14 |
| 500 | |aPubl. aussi en anglais sous le titre : Trichoderma harzianum Rifai strain KRL-AG2, Trichoderma virens strain G-41, BW240 WP biological fungicide, RootShield Plus WP biological fungicide, TurfShield Plus WP biological fungicide. |
| 500 | |aTitre de la couv. |
| 500 | |a« Le 20 août 2018. » |
| 520 | |a« En vertu de la Loi sur les produits antiparasitaires et de ses règlements d’application, l’Agence de réglementation de la lutte antiparasitaire (ARLA) de Santé Canada propose l’homologation à des fins de vente et d’utilisation du fongicide biologique de qualité technique RootShield, qui contient la souche KRL-AG2 de Trichoderma harzianum Rifai, et du produit de qualité technique G-41, qui contient la souche G-41 de Trichoderma virens, ainsi que des préparations commerciales suivantes : le fongicide biologique BW240 WP, le fongicide biologique RootShield Plus WP et le fongicide biologique TurfShield Plus WP, renfermant les deux agents microbiens de lutte antiparasitaire et servant à lutter contre les maladies des racines du ginseng, des cultures vivrières en serre, des plantes ornementales en serre, des plantes ornementales d’extérieur et de certaines maladies foliaires du gazon » -- P. 1. |
| 530 | |aÉgalement publ. en version imprimée. |
| 692 | 07|2gccst|aFongicide |
| 692 | 07|2gccst|aAccréditation |
| 692 | 07|2gccst|aToxicologie |
| 710 | 1 |aCanada. |bAgence de réglementation de la lutte antiparasitaire. |
| 710 | 1 |aCanada. |bSanté Canada. |
| 775 | 08|tTrichoderma harzianum Rifai strain KRL-AG2, Trichoderma virens strain G-41, BW240 WP biological fungicide, RootShield Plus WP biological fungicide, TurfShield Plus WP biological fungicide |w(CaOODSP)9.860927 |
| 830 | #0|aDécision d'homologation,|x1925-0924 ; |vRD2018-14.|w(CaOODSP)9.501583 |
| 856 | 40|qPDF|s111 Ko|uhttps://publications.gc.ca/collections/collection_2018/sc-hc/h113-25/H113-25-2018-14-fra.pdf |